| 000 | 00448nam a2200145Ia 4500 | ||
|---|---|---|---|
| 008 | 190509s9999 xx 000 0 und d | ||
| 100 | _aMatthes, Rebecca | ||
| 245 | 4 | _aThe Relationship bill of rights/ | |
| 245 | _cRebecca Matthes | ||
| 260 | _bSussex Publisher | ||
| 260 | _c2018 | ||
| 300 | _aPages 72-80, November/December 2018 | ||
| 440 |
_aPsychology Today: 7 amazing things your mind can do _v1/2/1900 3:06:00 AM |
||
| 650 | _arelationship | ||
| 999 |
_c361802 _d361802 |
||